| 000 | 00656cam a2200229u 4500 | ||
|---|---|---|---|
| 999 |
_c533882 _d533882 |
||
| 001 | 8725319 | ||
| 003 | Nust | ||
| 005 | 20200123113214.0 | ||
| 008 | 830523s1920 nyuf 000 0 eng | ||
| 010 | _a 22014536 | ||
| 020 | _a9781853261596 | ||
| 038 | _aMSOHAIL | ||
| 040 |
_aDLC _cCarP _dDLC _dDLC |
||
| 050 | 0 | 0 |
_aPZ3.K629 _bRe6 _aPR4854.R57 |
| 082 |
_a823 _bKIP |
||
| 100 | 1 |
_aKipling, Rudyard, _d1865-1936. _927913 |
|
| 245 | 1 | 0 | _aRewards and fairies, |
| 260 |
_aGarden City, N.Y., _bDoubleday, Page & company, _c1993. |
||
| 300 |
_axii, 266 p. _bfront., plates. _c21 cm. |
||
| 906 |
_a0 _bcbc _cpremunv _du _encip _f19 _gy-gencatlg |
||
| 942 |
_2ddc _cBK |
||